Statistics for Who Did That 2000s Song #3

Click here to take the quiz!

General Stats

  • This quiz has been taken 40,995 times
  • The average score is 12 of 24

Answer Stats

YearSongArtist or Group% Correct
2009Bad RomanceLady Gaga
95%
2006Hips Don't LieShakira
92%
2009Party in the U.S.A.Miley Cyrus
84%
2009Empire State of MindJay-Z
81%
2008Viva la VidaColdplay
80%
2004Boulevard of Broken DreamsGreen Day
75%
2008Take a BowRihanna
66%
2002ComplicatedAvril Lavigne
65%
2000Bye Bye Bye'N Sync
65%
2001Ms. JacksonOutkast
53%
2001How You Remind MeNickelback
52%
2001BootyliciousDestiny's Child
51%
2008Gives You HellThe All-American
Rejects
44%
2001Get Ur Freak OnMissy Elliott
40%
2006Before He CheatsCarrie Underwood
40%
2000Thong SongSisqó
38%
2006Supermassive
Black Hole
Muse
36%
2008Live Your LifeT.I.
33%
2005I Bet You Look Good
on the Dancefloor
Arctic Monkeys
30%
2008I'm in Miami TrickLMFAO
25%
2000One More TimeDaft Punk
24%
20071234Feist
19%
2007This is Why I'm HotMims
14%
2001Party HardAndrew W.K.
9%

Score Distribution

Percentile by Number Answered

Percent of People with Each Score

Your Score History

You have not taken this quiz